[Event "Online Olym Div2 A"]
[Site "Chess.com INT"]
[Date "2021.09.02"]
[Round "1.4"]
[White "Alymbay, Kyzy Aizhan"]
[Black "Liu, Yang Hazel"]
[Result "0-1"]
[WhiteElo "1889"]
[BlackElo "2046"]
[PlyCount "72"]
[EventDate "2021.09.02"]
[EventType "team (rapid)"]
[EventRounds "9"]
[EventCountry "USA"]
[SourceTitle "CBM 204 Extra"]
[Source "ChessBase"]
[SourceDate "2021.11.30"]
[SourceVersion "1"]
[SourceVersionDate "2021.11.30"]
[SourceQuality "1"]
[WhiteTeam "Kyrgyzstan"]
[BlackTeam "Singapore"]
[WhiteTeamCountry "KGZ"]
[BlackTeamCountry "SIN"]

1. e4 c5 2. c3 d5 3. exd5 Qxd5 4. d4 Nf6 5. Nf3 Nc6 6. Na3 cxd4 7. Nb5 Qd8 8. Nbxd4 Nxd4 9. Qxd4 Qxd4 10. Nxd4 Bd7 11. Bc4 Rc8 12. Bb3 e5 13. Nf3 Bd6 14. 0-0 0-0 15. Re1 e4 16. Ng5 Bc6 17. Be3 b6 18. Rad1 Be5 19. Bd4 Rce8 20. Bxe5 Rxe5 21. Rd6 Ba8 22. Nxf7 Rxf7 23. Rd8+ Re8 24. Red1 Kf8 25. Bxf7 Kxf7 26. Rxe8 Kxe8 27. Rd4 Ke7 28. h3 Bc6 29. b3 Nd7 30. Kh2 Ne5 31. Kg3 Nf7 32. Rc4 Kd7 33. Rd4+ Nd6 34. a3 Ke6 35. c4 Nf5+ 36. Kf4 Nxd4 0-1

[Event "Online Olym Div2 A"]
[Site "Chess.com INT"]
[Date "2021.09.02"]
[Round "3.3"]
[White "Parveen, Tanima"]
[Black "Liu, Yang Hazel"]
[Result "1/2-1/2"]
[WhiteElo "1981"]
[BlackElo "2046"]
[PlyCount "55"]
[EventDate "2021.09.02"]
[EventType "team (rapid)"]
[EventRounds "9"]
[EventCountry "USA"]
[SourceTitle "CBM 204 Extra"]
[Source "ChessBase"]
[SourceDate "2021.11.30"]
[SourceVersion "1"]
[SourceVersionDate "2021.11.30"]
[SourceQuality "1"]
[WhiteTeam "Bangladesh"]
[BlackTeam "Singapore"]
[WhiteTeamCountry "BAN"]
[BlackTeamCountry "SIN"]

1. e4 c5 2. c3 d5 3. exd5 Qxd5 4. d4 Nf6 5. Nf3 e6 6. Be2 Nc6 7. 0-0 Be7 8. Be3 cxd4 9. cxd4 0-0 10. Nc3 Qa5 11. a3 Rd8 12. b4 Qc7 13. Qb3 b6 14. Rac1 Bb7 15. h3 Rac8 16. Rfd1 Qb8 17. Bc4 Rf8 18. d5 exd5 19. Nxd5 Nxd5 20. Bxd5 Bf6 21. Bg5 Bxg5 22. Nxg5 Nd8 23. Qd3 g6 24. Ne4 Rxc1 25. Rxc1 Bxd5 26. Qxd5 Qf4 27. Rc8 Ne6 28. Qc6 1/2-1/2

[Event "Online Olym Div3 A"]
[Site "Chess.com INT"]
[Date "2020.08.07"]
[Round "3.2"]
[White "Liu, Yang Hazel"]
[Black "Yazji, Mada"]
[Result "1/2-1/2"]
[WhiteElo "2046"]
[BlackElo "1704"]
[PlyCount "202"]
[EventDate "2020.08.07"]
[EventType "team-tourn (rapid)"]
[EventRounds "9"]
[EventCountry "USA"]
[SourceTitle "CBM 198"]
[Source "ChessBase"]
[SourceDate "2020.10.31"]
[SourceVersion "1"]
[SourceVersionDate "2020.10.31"]
[SourceQuality "1"]
[WhiteTeam "Singapore"]
[BlackTeam "Syria"]
[WhiteTeamCountry "SIN"]
[BlackTeamCountry "SYR"]

1. d4 d5 2. Nc3 e6 3. Bf4 c6 4. e4 dxe4 5. Nxe4 Nf6 6. Ng3 Be7 7. Nf3 Nbd7 8. Bd3 Nd5 9. Bd2 0-0 10. c4 N5f6 11. 0-0 Bd6 12. Qc2 e5 13. Nf5 Bb8 14. Bg5 exd4 15. N5xd4 h6 16. Bh4 Nc5 17. Bf5 Bxf5 18. Qxf5 Ncd7 19. Rad1 Qb6 20. Qc2 c5 21. Nf5 Ne5 22. Nd2 Ng6 23. Bg3 Bxg3 24. hxg3 Rfe8 25. Nb3 Rad8 26. Rxd8 Rxd8 27. Re1 Qc7 28. Qc3 Kh7 29. Qf3 b6 30. Nc1 Qd7 31. b3 Qd2 32. Qe2 Qxe2 33. Nxe2 Rd2 34. Nc3 Rc2 35. Nd5 Rxa2 36. Nxf6+ gxf6 37. Nd6 Kg7 38. Nf5+ Kh7 39. Nd6 Ne5 40. f4 Nd3 41. Re7 Ra1+ 42. Kh2 Ra2 43. Rxf7+ Kg6 44. Rf8 Ne1 45. f5+ Kg7 46. Re8 Nxg2 47. Re7+ Kf8 48. Re8+ Kg7 49. Kg1 Rd2 50. Nb5 Kf7 51. Re6 h5 52. Nd6+ Kg7 53. Ne8+ Kf7 54. Nxf6 h4 55. Ne4 Rb2 56. Ng5+ Kf8 57. gxh4 Nxh4 58. Nh7+ Kf7 59. Ng5+ Kf8 60. Rf6+ Kg7 61. Ne4 Re2 62. Re6 Nxf5 63. Kf1 Nd4 64. Re7+ Kf8 65. Re5 Re3 66. Kf2 Re2+ 67. Kf1 Re3 68. Kf2 Rxb3 69. Nd6 a5 70. Rh5 a4 71. Rh8+ Ke7 72. Ne4 a3 73. Ra8 Rb2+ 74. Ke3 a2 75. Kd3 Rb3+ 76. Nc3 b5 77. Kd2 Rb2+ 78. Kd3 Rb3 79. Kd2 Rb2+ 80. Kd3 b4 81. Nxa2 Rb3+ 82. Kd2 Ra3 83. Rxa3 bxa3 84. Kc3 Kd6 85. Nc1 Kc6 86. Nd3 Kb6 87. Nc1 Ka5 88. Nb3+ Kb6 89. Nc1 Ka5 90. Nb3+ Nxb3 91. Kxb3 a2 92. Kxa2 Kb4 93. Kb2 Kxc4 94. Kc2 Kd4 95. Kd2 Kc4 96. Kc2 Kd4 97. Kd2 c4 98. Kc2 c3 99. Kc1 Kd3 100. Kd1 c2+ 101. Kc1 Kc3 1/2-1/2

[Event "Olympiad Women-43"]
[Site "Batumi"]
[Date "2018.10.03"]
[Round "9.1"]
[White "Liu, Yang Hazel"]
[Black "Berend, Elvira S"]
[Result "0-1"]
[WhiteElo "2064"]
[BlackElo "2300"]
[PlyCount "134"]
[EventDate "2018.09.24"]
[EventType "team-swiss"]
[EventRounds "11"]
[EventCountry "GEO"]
[SourceTitle "EXT 2020"]
[Source "ChessBase"]
[SourceDate "2019.10.17"]
[SourceVersion "1"]
[SourceVersionDate "2019.10.17"]
[SourceQuality "1"]
[WhiteTeam "Singapore (W)"]
[BlackTeam "Luxembourg (W)"]
[WhiteTeamCountry "SIN"]
[BlackTeamCountry "LUX"]

1. d4 Nf6 2. Bf4 e6 3. Nf3 c5 4. e3 Be7 5. Nbd2 b6 6. Bd3 Bb7 7. c3 0-0 8. 0-0 cxd4 9. cxd4 Nd5 10. Bg3 f5 11. Qb1 Nb4 12. Be2 Ba6 13. Bxa6 N4xa6 14. Nc4 d6 15. a3 b5 16. Ncd2 Nc7 17. Ne1 Nd7 18. Nd3 Nf6 19. h3 Qd7 20. Rc1 Rac8 21. Qa2 Ncd5 22. Nf3 Ne4 23. Bh2 g5 24. Nfe1 a5 25. Rxc8 Rxc8 26. Rc1 Rxc1 27. Nxc1 Qc8 28. Ncd3 Kf7 29. Qb3 Qc4 30. Qd1 Kg7 31. Qc2 Qxc2 32. Nxc2 Nd2 33. f3 Nb6 34. Kf2 Nb3 35. Ke2 Nc4 36. Nce1 Bf6 37. Nc2 Kf7 38. Bg1 e5 39. dxe5 Nxe5 40. Nd4 Nxd4+ 41. exd4 Nc4 42. Kd1 Ke6 43. Kc2 Kd5 44. Kc3 f4 45. Ne1 Nb6 46. Nc2 Na4+ 47. Kb3 h5 48. Bf2 g4 49. hxg4 hxg4 50. fxg4 Ke4 51. Ne1 Bxd4 52. Bxd4 Kxd4 53. Nf3+ Kd3 54. g5 Nc5+ 55. Ka2 a4 56. g6 Ne6 57. Kb1 Ng7 58. Ng5 d5 59. Kc1 Ke3 60. Nh3 d4 61. Kd1 d3 62. Ke1 Ne6 63. Kd1 Ng7 64. Ke1 d2+ 65. Kd1 Ne6 66. Nxf4 Nxf4 67. g7 Nd3 0-1

[Event "Olympiad Women-43"]
[Site "Batumi"]
[Date "2018.09.24"]
[Round "1.8"]
[White "Abdumalik, Zhansaya"]
[Black "Liu, Yang Hazel"]
[Result "1-0"]
[WhiteElo "2482"]
[BlackElo "2064"]
[PlyCount "165"]
[EventDate "2018.09.24"]
[EventType "team-swiss"]
[EventRounds "11"]
[EventCountry "GEO"]
[SourceTitle "EXT 2020"]
[Source "ChessBase"]
[SourceDate "2019.10.17"]
[SourceVersion "1"]
[SourceVersionDate "2019.10.17"]
[SourceQuality "1"]
[WhiteTeam "Kazakhstan (W)"]
[BlackTeam "Singapore (W)"]
[WhiteTeamCountry "KAZ"]
[BlackTeamCountry "SIN"]

1. e4 c5 2. Nf3 Nc6 3. d4 cxd4 4. Nxd4 Nf6 5. Nc3 e5 6. Ndb5 d6 7. Bg5 a6 8. Na3 b5 9. Nd5 Be7 10. Bxf6 Bxf6 11. c4 b4 12. Nc2 0-0 13. g3 Bg5 14. Bg2 Qa5 15. 0-0 Qc5 16. Kh1 Be6 17. f4 Bh6 18. b3 a5 19. Nc7 Rac8 20. Nb5 Rcd8 21. Qd3 Na7 22. f5 Bc8 23. Nxa7 Qxa7 24. a3 Qc5 25. axb4 axb4 26. Rfd1 Bb7 27. Ra4 Bc6 28. Ra6 Bg5 29. h4 Be7 30. Qd2 Rb8 31. Kh2 Rfd8 32. Rda1 h6 33. Qe1 Ra8 34. Nxb4 Rxa6 35. Rxa6 Bb7 36. Ra2 Rb8 37. Qc3 Bc8 38. Nd5 Bd8 39. b4 Qc6 40. Ra7 Bb7 41. Bf1 Qc8 42. Qd2 Ra8 43. Rxa8 Qxa8 44. Nc3 Be7 45. Bg2 Bc6 46. Qb2 Qa7 47. Nd1 Bd8 48. Qd2 Qb8 49. Ne3 Bb6 50. b5 Bb7 51. f6 g6 52. h5 Qf8 53. Ng4 Kh7 54. hxg6+ Kxg6 55. Ne3 Kxf6 56. Nf5 Bc5 57. Qxh6+ Qxh6+ 58. Nxh6 Kg7 59. Nf5+ Kf6 60. Nh4 Bc8 61. Bh3 Bb7 62. Bf5 Ke7 63. Nf3 Be3 64. Kg2 Kd8 65. Kf1 Kc7 66. Ke2 Bh6 67. c5 dxc5 68. Nxe5 f6 69. Nc4 Bg5 70. Kd3 Ba8 71. Be6 Bb7 72. b6+ Kb8 73. Nd6 Ba6+ 74. Bc4 Bxc4+ 75. Kxc4 Be3 76. Kb5 Bd4 77. g4 Be3 78. Kc6 Bd4 79. Nc4 Bf2 80. e5 fxe5 81. Nxe5 Bg3 82. Nd7+ Kc8 83. Nxc5 1-0

[Event "Penang op 6th"]
[Site "Penang"]
[Date "2014.12.12"]
[Round "9"]
[White "Amgalanbaatar, Ravdanlkhumbuu"]
[Black "Liu, Yang Hazel"]
[Result "0-1"]
[WhiteElo "2169"]
[BlackElo "2047"]
[PlyCount "86"]
[EventDate "2014.12.08"]
[EventType "swiss"]
[EventRounds "9"]
[EventCountry "MAS"]
[SourceTitle "CBM 163 Extra"]
[Source "ChessBase"]
[SourceDate "2014.12.23"]
[SourceVersion "1"]
[SourceVersionDate "2014.12.23"]
[SourceQuality "1"]

1. e4 c5 2. Nc3 Nc6 3. d3 e6 4. g3 Nf6 5. Bg2 d5 6. Qe2 dxe4 7. dxe4 Be7 8. Nf3 0-0 9. 0-0 Nd4 10. Qd1 Qb6 11. e5 Nd7 12. Bf4 Rd8 13. Nxd4 cxd4 14. Ne4 Nf8 15. Qh5 Bd7 16. Bg5 Bxg5 17. Nxg5 Be8 18. Qg4 h6 19. Ne4 Bc6 20. Nf6+ Kh8 21. Nh5 Ng6 22. h4 Bxg2 23. Kxg2 Rd5 24. f4 Qxb2 25. Nxg7 Qxc2+ 26. Rf2 Qe4+ 27. Kh2 Kxg7 28. h5 Qf5 29. Qxf5 exf5 30. hxg6 Kxg6 31. Rc1 Rad8 32. Kg2 d3 33. Rd2 R8d7 34. Kf3 Ra5 35. Rc3 Rad5 36. Ke3 Kg7 37. Rb3 Kh7 38. Rb1 Kg6 39. Rh1 Kg7 40. Rh5 Kg6 41. Rdh2 d2 42. Rxh6+ Kg7 43. R6h5 d1N+ 0-1

[Event "Penang op 6th"]
[Site "Penang"]
[Date "2014.12.11"]
[Round "6"]
[White "Liu, Yang Hazel"]
[Black "Cheah, Eric"]
[Result "1/2-1/2"]
[WhiteElo "2047"]
[BlackElo "2255"]
[PlyCount "79"]
[EventDate "2014.12.08"]
[EventType "swiss"]
[EventRounds "9"]
[EventCountry "MAS"]
[SourceTitle "CBM 163 Extra"]
[Source "ChessBase"]
[SourceDate "2014.12.23"]
[SourceVersion "1"]
[SourceVersionDate "2014.12.23"]
[SourceQuality "1"]

1. d4 Nf6 2. Nf3 g6 3. c4 Bg7 4. g3 d6 5. Bg2 0-0 6. 0-0 Nc6 7. Nc3 Bf5 8. Nh4 Bd7 9. Nf3 Qc8 10. d5 Na5 11. Qd3 c5 12. Rb1 b5 13. cxb5 c4 14. Qc2 a6 15. Nd4 axb5 16. Ncxb5 Ng4 17. Bg5 Re8 18. b4 cxb3 19. Qxc8 Raxc8 20. axb3 Rb8 21. b4 Bxb5 22. Nxb5 Rxb5 23. bxa5 Rxa5 24. Rb7 Kf8 25. h3 Ne5 26. Rc1 h6 27. Bf4 Ra4 28. Rbc7 g5 29. Bxe5 Bxe5 30. Bf3 Kg7 31. R7c4 Ra2 32. Rc8 Rxc8 33. Rxc8 f5 34. Rc4 Rd2 35. g4 Kf6 36. Kg2 Bd4 37. Rb4 Bc5 38. Ra4 Bd4 39. Rb4 fxg4 40. hxg4 1/2-1/2

[Event "Penang op 6th"]
[Site "Penang"]
[Date "2014.12.11"]
[Round "7"]
[White "Villanueva, Nelson"]
[Black "Liu, Yang Hazel"]
[Result "1-0"]
[WhiteElo "2184"]
[BlackElo "2047"]
[PlyCount "137"]
[EventDate "2014.12.08"]
[EventType "swiss"]
[EventRounds "9"]
[EventCountry "MAS"]
[SourceTitle "CBM 163 Extra"]
[Source "ChessBase"]
[SourceDate "2014.12.23"]
[SourceVersion "1"]
[SourceVersionDate "2014.12.23"]
[SourceQuality "1"]

1. e4 c5 2. Nf3 Nc6 3. Bb5 d6 4. 0-0 Bd7 5. Re1 Nf6 6. c3 a6 7. Bf1 Bg4 8. d4 cxd4 9. cxd4 e5 10. d5 Nd4 11. Be3 Nxf3+ 12. gxf3 Bh5 13. Qb3 Qd7 14. Nd2 Be7 15. Rec1 0-0 16. Bb6 Rac8 17. a4 Ne8 18. Nc4 f5 19. Bh3 Bg5 20. Be3 Qe7 21. Bxf5 Rc7 22. Nd2 Rxc1+ 23. Rxc1 g6 24. Be6+ Kh8 25. Rc8 Bxf3 26. Rxe8 Rxe8 27. Nxf3 Bxe3 28. Qxe3 Rf8 29. Qg5 Qg7 30. Nh4 Re8 31. Qg4 Rf8 32. Qg5 Re8 33. Nf3 Rf8 34. Kg2 Rf6 35. Nd2 Qf8 36. f3 Kg7 37. Qe3 Qd8 38. Nc4 Qf8 39. Bg4 Kh8 40. a5 h5 41. Be6 Rf4 42. Qc3 Qd8 43. Qe1 Qe7 44. Qg3 Kh7 45. Ne3 Kh6 46. b3 Qf6 47. Bc8 Qe7 48. Nc4 Kg7 49. Be6 Kh6 50. h3 Qd8 51. Kf2 Qc7 52. Ke2 Qc5 53. h4 Qb4 54. Qg5+ Kg7 55. Qe7+ Kh6 56. Qg5+ Kg7 57. Qe7+ Kh6 58. Nxd6 Qxb3 59. Qg5+ Kh7 60. Qe7+ Kh6 61. Nf7+ Rxf7 62. Qg5+ Kg7 63. Bxf7 Qc4+ 64. Kf2 Qd4+ 65. Kg2 Kxf7 66. Qd8 Qb4 67. Qc7+ Kf6 68. d6 Qb2+ 69. Kh3 1-0

[Event "Penang op 6th"]
[Site "Penang"]
[Date "2014.12.09"]
[Round "3"]
[White "Harshal, Shahi"]
[Black "Liu, Yang Hazel"]
[Result "1-0"]
[WhiteElo "2296"]
[BlackElo "2047"]
[PlyCount "67"]
[EventDate "2014.12.08"]
[EventType "swiss"]
[EventRounds "9"]
[EventCountry "MAS"]
[SourceTitle "CBM 163 Extra"]
[Source "ChessBase"]
[SourceDate "2014.12.23"]
[SourceVersion "1"]
[SourceVersionDate "2014.12.23"]
[SourceQuality "1"]

1. e4 c5 2. Nf3 Nc6 3. d4 cxd4 4. Nxd4 Nf6 5. Nc3 e5 6. Ndb5 d6 7. Bg5 a6 8. Na3 b5 9. Nd5 Be7 10. Bxf6 Bxf6 11. c4 b4 12. Nc2 a5 13. Qf3 Bg5 14. h4 Bh6 15. g4 Bf4 16. Be2 Be6 17. Nxf4 exf4 18. Qxf4 Ne5 19. Ne3 0-0 20. Rd1 Rc8 21. b3 a4 22. Qg3 axb3 23. axb3 f6 24. 0-0 Rc6 25. Nc2 Qc8 26. Nd4 Rb6 27. f4 Nf7 28. g5 Kh8 29. Rf2 Bd7 30. Bh5 fxg5 31. hxg5 Be8 32. Rh2 Nd8 33. Bxe8 Rxe8 34. Qh4 1-0

[Event "Incheon op (Women) 4th"]
[Site "Incheon"]
[Date "2013.07.03"]
[Round "7"]
[White "Al Zarouni, Kholoud Essa"]
[Black "Liu, Yang Hazel"]
[Result "1-0"]
[WhiteElo "1885"]
[BlackElo "2059"]
[PlyCount "127"]
[EventDate "2013.06.30"]
[EventType "swiss"]
[EventRounds "7"]
[EventCountry "KOR"]
[SourceTitle "CBM 155 Extra"]
[Source "ChessBase"]
[SourceDate "2013.08.26"]
[SourceVersion "1"]
[SourceVersionDate "2013.08.26"]
[SourceQuality "1"]

1. e4 c5 2. c3 d5 3. exd5 Qxd5 4. d4 e6 5. Nf3 Nf6 6. Be3 cxd4 7. cxd4 Nc6 8. Nc3 Qd6 9. Bd3 Be7 10. a3 a6 11. 0-0 0-0 12. Qc2 h6 13. Rad1 Rd8 14. Rfe1 Bf8 15. Qc1 Ne7 16. Bf4 Qc6 17. Ne5 Qe8 18. Bb1 Ned5 19. Ne4 Bd7 20. Qd2 Rac8 21. Qd3 Bb5 22. Nxf6+ Nxf6 23. Qf3 Nd5 24. Bc1 Qe7 25. Qg3 Kh8 26. Re4 Ba4 27. b3 Rc3 28. Re3 Nxe3 29. fxe3 Be8 30. b4 Qg5 31. Qe1 Rdc8 32. Nf3 Qd8 33. Bb2 R3c7 34. Qg3 Ba4 35. Rf1 Bc2 36. Ba2 Bd6 37. Ne5 Bxe5 38. Qxe5 Qg5 39. Qxg5 hxg5 40. d5 Be4 41. d6 Rd7 42. Rd1 Bxg2 43. Bb1 Bc6 44. e4 Ba4 45. Rd2 f6 46. Ba2 Rc2 47. Rxc2 Bxc2 48. e5 fxe5 49. Bxe5 Ba4 50. Bxe6 Rd8 51. Bg4 Bd7 52. Bf3 Bc8 53. Kf2 Re8 54. Bg3 b6 55. Bc6 Rd8 56. Ke3 Bd7 57. Bxd7 Rxd7 58. Ke4 Kg8 59. Kd5 Kf8 60. Kc6 Ke8 61. Kxb6 a5 62. bxa5 Kd8 63. a6 Kc8 64. a7 1-0

[Event "Incheon op (Women) 4th"]
[Site "Incheon"]
[Date "2013.07.01"]
[Round "2"]
[White "Liu, Yang Hazel"]
[Black "Aulia, Medina Warda"]
[Result "0-1"]
[WhiteElo "2059"]
[BlackElo "2286"]
[PlyCount "56"]
[EventDate "2013.06.30"]
[EventType "swiss"]
[EventRounds "7"]
[EventCountry "KOR"]
[SourceTitle "CBM 155 Extra"]
[Source "ChessBase"]
[SourceDate "2013.08.26"]
[SourceVersion "1"]
[SourceVersionDate "2013.08.26"]
[SourceQuality "1"]

1. d4 Nf6 2. c4 e6 3. g3 d5 4. Nf3 Be7 5. Bg2 0-0 6. 0-0 dxc4 7. Qc2 b5 8. a4 b4 9. Qxc4 Bb7 10. Bf4 Nd5 11. Rc1 Nxf4 12. gxf4 Nd7 13. Ne5 Bxg2 14. Kxg2 Nxe5 15. fxe5 c5 16. dxc5 Rc8 17. c6 Qc7 18. Qe4 Rfd8 19. b3 Rd5 20. f4 g5 21. e3 gxf4 22. exf4 Kh8 23. Ra2 Rg8+ 24. Kh1 Qxc6 25. Re1 Bh4 26. Rc2 Qa8 27. Rce2 Bxe1 28. Rxe1 Rd1 0-1

[Event "Universiad (Women) 26th"]
[Site "Shenzhen"]
[Date "2011.08.21"]
[Round "9"]
[White "Liu, Yang Hazel"]
[Black "Borosova, Zuzana"]
[Result "0-1"]
[WhiteElo "2089"]
[BlackElo "2310"]
[PlyCount "74"]
[EventDate "2011.08.15"]
[EventType "swiss"]
[EventRounds "9"]
[EventCountry "CHN"]
[SourceTitle "CBM 143 Extra"]
[Source "ChessBase"]
[SourceDate "2011.08.29"]
[SourceVersion "1"]
[SourceVersionDate "2011.08.29"]
[SourceQuality "1"]

1. d4 Nf6 2. c4 c5 3. d5 b5 4. Bg5 Ne4 5. Bd2 bxc4 6. Nc3 Nxd2 7. Qxd2 d6 8. e4 Nd7 9. Bxc4 g6 10. Nf3 Bg7 11. 0-0 0-0 12. Rab1 Rb8 13. a3 Qa5 14. Qc2 Ba6 15. Nd2 Bxc4 16. Nxc4 Qa6 17. Nd1 Rb7 18. Nde3 Rfb8 19. Rfd1 Nb6 20. Nxb6 Rxb6 21. Nc4 Rb3 22. h3 Bd4 23. Rd3 Qa4 24. Rxb3 Rxb3 25. Rc1 Qb5 26. Rd1 a5 27. Rd2 a4 28. Re2 f6 29. Qc1 Bc3 30. Rc2 Qxc4 31. Rxc3 Qxe4 32. Rc4 Qxd5 33. Rxa4 Rxb2 34. Rh4 Rd2 35. Qc3 Rd1+ 36. Kh2 Qe5+ 37. Qxe5 fxe5 0-1

[Event "Universiad (Women) 26th"]
[Site "Shenzhen"]
[Date "2011.08.19"]
[Round "8"]
[White "Hoolt, Sarah"]
[Black "Liu, Yang Hazel"]
[Result "1/2-1/2"]
[WhiteElo "2314"]
[BlackElo "2089"]
[PlyCount "112"]
[EventDate "2011.08.15"]
[EventType "swiss"]
[EventRounds "9"]
[EventCountry "CHN"]
[SourceTitle "CBM 143 Extra"]
[Source "ChessBase"]
[SourceDate "2011.08.29"]
[SourceVersion "1"]
[SourceVersionDate "2011.08.29"]
[SourceQuality "1"]

1. e4 c5 2. Nf3 e6 3. d4 cxd4 4. Nxd4 Nf6 5. Nc3 Bb4 6. Bd3 e5 7. Nf5 0-0 8. 0-0 Bxc3 9. bxc3 d5 10. Ng3 dxe4 11. Nxe4 Nxe4 12. Bxe4 Nd7 13. Ba3 Re8 14. Rb1 Nb6 15. Qf3 Qc7 16. Rb4 g6 17. g4 Rb8 18. Rbb1 Nc4 19. Bc1 b6 20. Bg5 Bb7 21. Bxb7 Qxb7 22. Qxb7 Rxb7 23. Rbd1 Kg7 24. Rfe1 Rc7 25. f4 f6 26. Bh4 Rec8 27. Bg3 a5 28. fxe5 Nxe5 29. Bxe5 fxe5 30. Rxe5 Rxc3 31. Rd7+ Kf6 32. Rde7 h6 33. R7e6+ Kf7 34. Rxb6 Rxc2 35. Rxa5 R8c7 36. Raa6 Rd2 37. Rf6+ Ke7 38. Rf2 Rxf2 39. Kxf2 Kf7 40. Ra4 Rc3 41. Kg2 Kf6 42. h4 h5 43. Ra6+ Ke5 44. gxh5 gxh5 45. Ra5+ Kf4 46. Ra4+ Kf5 47. Kf2 Rh3 48. Ke2 Rh2+ 49. Ke3 Rh3+ 50. Kf2 Rc3 51. a3 Rh3 52. Kg2 Rc3 53. Kf1 Rh3 54. Kg1 Rc3 55. Kh2 Rd3 56. Kg2 Ke5 1/2-1/2

[Event "Universiad (Women) 26th"]
[Site "Shenzhen"]
[Date "2011.08.18"]
[Round "6"]
[White "Fuchs, Judith"]
[Black "Liu, Yang Hazel"]
[Result "1/2-1/2"]
[WhiteElo "2246"]
[BlackElo "2089"]
[PlyCount "169"]
[EventDate "2011.08.15"]
[EventType "swiss"]
[EventRounds "9"]
[EventCountry "CHN"]
[SourceTitle "CBM 143 Extra"]
[Source "ChessBase"]
[SourceDate "2011.08.29"]
[SourceVersion "1"]
[SourceVersionDate "2011.08.29"]
[SourceQuality "1"]

1. e4 c5 2. Nf3 Nc6 3. d4 cxd4 4. Nxd4 Nf6 5. Nc3 e5 6. Ndb5 d6 7. Bg5 a6 8. Na3 b5 9. Nd5 Be7 10. Bxf6 Bxf6 11. c3 0-0 12. Nc2 Bg5 13. a4 bxa4 14. Rxa4 a5 15. Bc4 Be6 16. h4 Bh6 17. Nce3 Ne7 18. Ng4 Bxg4 19. Qxg4 Kh8 20. Nxe7 Qxe7 21. 0-0 Rac8 22. b3 Rc5 23. Rfa1 f5 24. exf5 d5 25. Bf1 Rxc3 26. Rxa5 Rxb3 27. Rxd5 Rb4 28. Rxe5 Qxe5 29. Qxb4 Qxf5 30. Qd4 Bf4 31. Re1 Bd6 32. Rc1 Qf4 33. Qxf4 Bxf4 34. Rd1 Bc7 35. g3 Bb6 36. Rd2 Rd8 37. Ra2 g6 38. Kg2 Bd4 39. Bc4 Rb8 40. Rd2 Rd8 41. Be2 Kg7 42. Bf3 Bb6 43. Ra2 Rf8 44. Be4 Bd4 45. Rd2 Rd8 46. f3 Bb6 47. Rb2 Rd6 48. Kh3 Kf6 49. Kg4 h5+ 50. Kh3 Kg7 51. g4 hxg4+ 52. Kxg4 Kf6 53. Rg2 Rd1 54. Rc2 Rd6 55. Kf4 Ba5 56. Kg4 Bb6 57. Kh3 Kf7 58. Rg2 Ba5 59. Rg4 Bd2 60. Kg2 Bc1 61. Kf2 Rd2+ 62. Ke1 Rd6 63. Kf1 Rd1+ 64. Kg2 Rd6 65. Kh3 Bd2 66. Rg2 Be3 67. Rc2 Bb6 68. Kg4 Kf6 69. Kf4 Ba5 70. Ke3 Bb6+ 71. Ke2 Kg7 72. Rc1 Ba5 73. Kf2 Bb6+ 74. Kg3 Kf6 75. f4 Kg7 76. Kg4 Kf6 77. Rc2 Ba5 78. Rc5 Bb6 79. Rg5 Kf7 80. h5 gxh5+ 81. Rxh5 Bd4 82. Bd5+ Kg7 83. Kf3 Rh6 84. Rf5 Rf6 85. Rg5+ 1/2-1/2

[Event "Universiad (Women) 26th"]
[Site "Shenzhen"]
[Date "2011.08.16"]
[Round "3"]
[White "Liu, Yang Hazel"]
[Black "Botlhole, Kgalalelo"]
[Result "1-0"]
[WhiteElo "2089"]
[BlackElo "1535"]
[PlyCount "82"]
[EventDate "2011.08.15"]
[EventType "swiss"]
[EventRounds "9"]
[EventCountry "CHN"]
[SourceTitle "CBM 143 Extra"]
[Source "ChessBase"]
[SourceDate "2011.08.29"]
[SourceVersion "1"]
[SourceVersionDate "2011.08.29"]
[SourceQuality "1"]

1. d4 d5 2. c4 e6 3. Nc3 Nf6 4. cxd5 Nxd5 5. e4 Nb6 6. Nf3 Be7 7. Be3 0-0 8. Be2 N8d7 9. 0-0 c5 10. Qc2 cxd4 11. Nxd4 a6 12. Rac1 Nf6 13. Rfd1 Bd7 14. Qb3 Rc8 15. Nxe6 Bxe6 16. Rxd8 Bxb3 17. Rxf8+ Bxf8 18. axb3 Nbd7 19. f3 h6 20. Kf2 Bc5 21. Rd1 Bxe3+ 22. Kxe3 Nc5 23. b4 Ne6 24. b5 axb5 25. Bxb5 Rd8 26. Rxd8+ Nxd8 27. e5 Nh7 28. Kd4 Ne6+ 29. Kc4 f6 30. Bd7 Kf7 31. exf6 Nxf6 32. Bc8 Ne8 33. Bd7 Nf6 34. Bc8 Nd8 35. Ne4 Ne8 36. Kc5 Nc7 37. Kc4 Ne8 38. Kc5 Nc7 39. Kd6 Nb5+ 40. Kd7 Nc6 41. Bxb7 Ne5+ 1-0

[Event "Olympiad Women-39"]
[Site "Khanty-Mansiysk"]
[Date "2010.10.03"]
[Round "11.33"]
[White "Liu, Yang Hazel"]
[Black "Jonovska, Katerina"]
[Result "1-0"]
[WhiteElo "2083"]
[BlackElo "2012"]
[PlyCount "79"]
[EventDate "2010.09.21"]
[EventType "team-swiss"]
[EventRounds "11"]
[EventCountry "RUS"]
[SourceTitle "CBM 139"]
[Source "ChessBase"]
[SourceDate "2010.11.18"]
[SourceVersion "1"]
[SourceVersionDate "2010.11.18"]
[SourceQuality "1"]
[WhiteTeam "Singapore (W)"]
[BlackTeam "Macedonia (W)"]
[WhiteTeamCountry "SIN"]
[BlackTeamCountry "MKD"]

1. d4 f5 2. c4 Nf6 3. g3 e6 4. Bg2 d5 5. Nf3 c6 6. 0-0 Bd6 7. b3 Qe7 8. Qc2 0-0 9. Nc3 Bd7 10. Bb2 Be8 11. Rae1 Bh5 12. cxd5 cxd5 13. Nb5 Bb4 14. Bc3 Bxc3 15. Nxc3 Nc6 16. e3 Bxf3 17. Bxf3 Rac8 18. Qd2 Ne4 19. Nxe4 fxe4 20. Be2 Rf6 21. Rc1 Rcf8 22. Bb5 Nd8 23. Qa5 a6 24. Rc7 Qd6 25. Rd7 Nc6 26. Bxc6 Qxc6 27. Rc7 Qd6 28. Rxb7 R8f7 29. Rb6 Qf8 30. Rxa6 Re7 31. Ra8 Re8 32. Rxe8 Qxe8 33. Qc5 g5 34. Rc1 Qh5 35. Qe7 Rf8 36. Qxe6+ Kh8 37. Qe5+ Kg8 38. Qxd5+ Rf7 39. Rc8+ Kg7 40. Qe5+ 1-0

[Event "Olympiad Women-39"]
[Site "Khanty-Mansiysk"]
[Date "2010.09.25"]
[Round "5.33"]
[White "Liu, Yang Hazel"]
[Black "Rapport, Jovana"]
[Result "0-1"]
[WhiteElo "2083"]
[BlackElo "2319"]
[PlyCount "128"]
[EventDate "2010.09.21"]
[EventType "team-swiss"]
[EventRounds "11"]
[EventCountry "RUS"]
[SourceTitle "CBM 139"]
[Source "ChessBase"]
[SourceDate "2010.11.18"]
[SourceVersion "1"]
[SourceVersionDate "2010.11.18"]
[SourceQuality "1"]
[WhiteTeam "Singapore (W)"]
[BlackTeam "Montenegro (W)"]
[WhiteTeamCountry "SIN"]
[BlackTeamCountry "MNE"]

1. d4 d5 2. c4 Nc6 3. Nc3 Nf6 4. cxd5 Nxd5 5. e4 Nxc3 6. bxc3 e5 7. d5 Nb8 8. Nf3 Nd7 9. Bb5 Bd6 10. 0-0 0-0 11. Rb1 Nc5 12. Nd2 Qg5 13. Nb3 Qg6 14. Nxc5 Bxc5 15. Re1 f5 16. Be3 Bxe3 17. fxe3 fxe4 18. Bc4 Qd6 19. Qb3 b6 20. Be2 Bf5 21. Qc4 a5 22. Bd1 Rad8 23. Bc2 Rf7 24. Rbd1 Bg6 25. Bxe4 b5 26. Qd3 Bxe4 27. Qxe4 c6 28. Qb1 Rfd7 29. h3 a4 30. Kh1 cxd5 31. Qxb5 Qa3 32. Re2 Qxc3 33. Qxa4 Qc4 34. Qxc4 dxc4 35. Rxd7 Rxd7 36. Rc2 Rc7 37. Kg1 Kf7 38. Kf2 Ke6 39. e4 Kd6 40. Ke3 Kc5 41. a3 Rb7 42. Ra2 Rb3+ 43. Ke2 Kd4 44. a4 c3 45. Kd1 Kd3 46. Kc1 Rb6 47. Rf2 Rb4 48. Rf3+ Kd4 49. Rf7 Rxa4 50. Rxg7 Ra1+ 51. Kc2 Ra2+ 52. Kd1 h6 53. h4 h5 54. Rg5 Rd2+ 55. Kc1 Re2 56. Rg3 Rxe4 57. Kc2 Re2+ 58. Kd1 Rd2+ 59. Kc1 e4 60. Rg8 e3 61. Rd8+ Ke4 62. Re8+ Kf4 63. g3+ Kf3 64. Rf8+ Kg2 0-1